000 00471nam a2200181Ia 4500
003 GCL
008 140319s9999 xx 000 0 eng d
040 _aGCL /
_cGCL
082 0 4 _a333.7816
_bG C
100 1 _aGOLDSMITH, F.B.
245 1 0 _aCONSERVATION IN PCOGRESS /
_cGOLDSMITH, F.B.
700 1 _aWARREN, A.
260 _a[S.N] :
_bJOHN WILEY AND SONS. INC ،
_c1993
300 _a364
650 0 4 _aENVIRONMENT
650 0 4 _aNATURE CONSERVATION
942 _2ddc
_cBK
999 _c17165
_d17165